00248nam a2200109Ia 4500008004100000041001200041082001100053100001800064245004400082260000600126650000600132221030s9999 xx 000 0 und d aEnglish a105.23 aM. I. Skolnik 0aIntroduction To Radarcby M. I. Skolnik c0 aB